• AIU
  • Tony Wilmot Memorial Library

Ancient America, (Record no. 58320)

MARC details
000 -LEADER
fixed length control field 01110cam a22003251 4500
001 - CONTROL NUMBER
control field 1699249
003 - CONTROL NUMBER IDENTIFIER
control field OSt
005 - DATE AND TIME OF LATEST TRANSACTION
control field 20140115094721.0
008 - FIXED-LENGTH DATA ELEMENTS--GENERAL INFORMATION
fixed length control field 790405s1967 nyuabc b 000 0 eng
010 ## - LIBRARY OF CONGRESS CONTROL NUMBER
LC control number 67015619
040 ## - CATALOGING SOURCE
Original cataloging agency DLC
Transcribing agency DLC
Modifying agency DLC
043 ## - GEOGRAPHIC AREA CODE
Geographic area code n------
-- s------
050 00 - LIBRARY OF CONGRESS CALL NUMBER
Classification number E61
Item number .L62
051 ## - LIBRARY OF CONGRESS COPY, ISSUE, OFFPRINT STATEMENT
Classification number E61
Item number .L62 Copy 3
Copy information Provenance: Gift of Jay I. Kislak Foundation.
082 00 - DEWEY DECIMAL CLASSIFICATION NUMBER
Classification number 970.1
100 1# - MAIN ENTRY--PERSONAL NAME
Personal name Leonard, Jonathan Norton,
Dates associated with a name 1903-1975.
9 (RLIN) 24001
245 10 - TITLE STATEMENT
Title Ancient America,
Statement of responsibility, etc by Jonathan Norton Leonard and the editors of Time-Life Books.
260 ## - PUBLICATION, DISTRIBUTION, ETC. (IMPRINT)
Place of publication, distribution, etc New York,
Name of publisher, distributor, etc Time
Date of publication, distribution, etc [1967]
300 ## - PHYSICAL DESCRIPTION
Extent 192 p.
Other physical details illus. (part col.) maps (part col.) ports.
Dimensions 28 cm.
490 0# - SERIES STATEMENT
Series statement Great ages of man; a history of the world's cultures
504 ## - BIBLIOGRAPHY, ETC. NOTE
Bibliography, etc Bibliography: p. 186.
650 #0 - SUBJECT ADDED ENTRY--TOPICAL TERM
Topical term or geographic name as entry element Indians
General subdivision Antiquities.
9 (RLIN) 24002
651 #0 - SUBJECT ADDED ENTRY--GEOGRAPHIC NAME
Geographic name America
General subdivision Antiquities.
9 (RLIN) 24003
710 2# - ADDED ENTRY--CORPORATE NAME
Corporate name or jurisdiction name as entry element Time-Life Books.
9 (RLIN) 24004
710 2# - ADDED ENTRY--CORPORATE NAME
Corporate name or jurisdiction name as entry element Jay I. Kislak Reference Collection (Library of Congress)
Institution to which field applies DLC
9 (RLIN) 24005
906 ## - LOCAL DATA ELEMENT F, LDF (RLIN)
a 7
b cbc
c orignew
d u
e ocip
f 19
g y-gencatlg
942 ## - ADDED ENTRY ELEMENTS (KOHA)
Source of classification or shelving scheme Library of Congress Classification
Koha item type Books
Holdings
Withdrawn status Lost status Source of classification or shelving scheme Damaged status Not for loan Collection code Home library Current library Shelving location Date acquired Source of acquisition Cost, normal purchase price Total Checkouts Full call number Barcode Date last seen Copy number Price effective from Koha item type
    Library of Congress Classification     General Circulation AIU/NEGST - Tony Wilmot Memorial Library AIU/NEGST - Tony Wilmot Memorial Library General Stacks 01/15/2014 Donation - TBN 40.00   E 67.L62 1967 R36029Y3232 09/02/2019 1 01/15/2014 Books